Civil War spies : (Record no. 2721)

MARC details
000 -LEADER
fixed length control field 01237cam a22003377a 4500
005 - DATE AND TIME OF LATEST TRANSACTION
control field 20241017143451.0
020 ## - INTERNATIONAL STANDARD BOOK NUMBER
International Standard Book Number 9780545130028 (pbk.)
020 ## - INTERNATIONAL STANDARD BOOK NUMBER
International Standard Book Number 9780545130028
020 ## - INTERNATIONAL STANDARD BOOK NUMBER
International Standard Book Number 0545130026 (pbk.)
040 ## - CATALOGING SOURCE
Original cataloging agency IHI
Transcribing agency IHI
Modifying agency IHI
-- DLC
Language of cataloging eng
050 00 - LIBRARY OF CONGRESS CALL NUMBER
Classification number E608
Item number .W73 2010
082 04 - DEWEY DECIMAL CLASSIFICATION NUMBER
Classification number 973.7/85
Edition number 22
100 1# - MAIN ENTRY--PERSONAL NAME
Personal name Wilson, Camilla
245 10 - TITLE STATEMENT
Title Civil War spies :
Remainder of title behind enemy lines /
Statement of responsibility, etc. by Camilla J. Wilson
260 ## - PUBLICATION, DISTRIBUTION, ETC.
Place of publication, distribution, etc. New York :
Name of publisher, distributor, etc. Scholastic,
Date of publication, distribution, etc. 2010
300 ## - PHYSICAL DESCRIPTION
Extent 104 pages ;
Dimensions 20 cm
500 ## - GENERAL NOTE
General note "This edition is available for distribution only through the school market"--Cover verso.
505 0# - FORMATTED CONTENTS NOTE
Formatted contents note Z
520 ## - SUMMARY, ETC.
Summary, etc. Tells the stories of spies on both sides of the American Civil War.
521 8# - TARGET AUDIENCE NOTE
Target audience note 1000
Source Lexile
521 8# - TARGET AUDIENCE NOTE
Target audience note Z
Source Raz-Plus
521 8# - TARGET AUDIENCE NOTE
Target audience note Guided Reading Level: W.
521 8# - TARGET AUDIENCE NOTE
Target audience note Lexile: 1000.
650 #0 - SUBJECT ADDED ENTRY--TOPICAL TERM
Topical term or geographic name entry element Spies
Geographic subdivision United States
General subdivision History
Chronological subdivision 19th century
Form subdivision Juvenile literature.
650 #0 - SUBJECT ADDED ENTRY--TOPICAL TERM
Topical term or geographic name entry element Spies
Geographic subdivision Confederate States of America
General subdivision History
Form subdivision Juvenile literature.
650 #0 - SUBJECT ADDED ENTRY--TOPICAL TERM
Topical term or geographic name entry element Spies
Geographic subdivision United States
Form subdivision Biography
-- Juvenile literature.
650 #0 - SUBJECT ADDED ENTRY--TOPICAL TERM
Topical term or geographic name entry element Spies
Geographic subdivision Confederate States of America
Form subdivision Biography
-- Juvenile literature.
906 ## - LOCAL DATA ELEMENT F, LDF (RLIN)
a 7
b cbc
c copycat
d 2
e ncip
f 20
g y-gencatlg
942 ## - ADDED ENTRY ELEMENTS (KOHA)
Source of classification or shelving scheme Dewey Decimal Classification
Koha item type Books
Suppress in OPAC No
999 ## -
-- 2721
-- 2721
Holdings
Withdrawn status Lost status Source of classification or shelving scheme Damaged status Not for loan Collection Home library Current library Shelving location Date acquired Total Checkouts Full call number Barcode Date last seen Copy number Price effective from Koha item type
    Dewey Decimal Classification     Non-Fiction Footprints International School Library Network Toul Kork Campus Footprints International School Library Network Toul Kork Campus TTP Secondary Non-Fiction Bookshelves 01/11/2024   WIL 973.7/85 E608 FISSE00500 01/11/2024 1 01/11/2024 Books
    Dewey Decimal Classification     Non-Fiction Footprints International School Library Network Toul Kork Campus Footprints International School Library Network Toul Kork Campus TTP Secondary Non-Fiction Bookshelves 01/11/2024   WIL 973.7/85 E608 FISSE00501 10/17/2024 2 01/11/2024 Books